000 01273nam a2200313 i 4500
003 EG-GICUC
005 20260226152024.0
008 251223s1988 ua ||||fr|||| 00| 0 ara d
040 _a EG-GICUC
_bara
_c EG-GICUC
_d EG-GICUC
_erda
041 0 _aara
082 0 4 _221
_a345.3231
_bخ م . أ
092 0 4 _221
099 _aLaw1 07 345.3231 خ م . أ 1988
100 0 _aخميس السيد إسماعيل
_eمؤلف.
245 1 0 _aالإدارة الحديثة للمؤسسات والشركات العامة بمصر والدول العربية وتجربة اشتراك العمال في الإدارة /
_cالدكتور خميس السيد إسماعيل.
250 _aطبعة جديدة منقحة
264 1 _aالقاهرة :
_b{مكان النشر غير محدد}،
_c1988.
300 _a358 ؛ صفحة
_c24 سم.
336 _2rda content
_atext
337 _2rda media
_aComputer
338 _2rda carrier
_aOnline Resource
504 _a.343- 351ببليوجرافيا: صفحات
546 _aالنص باللغة العربية
650 1 4 _aالمرفق العامة الإدارية
650 1 4 _aالقانون الإداري
856 4 0 _uhttps://fll.law.cu.edu.eg/fulltext/bks/B07-01780.pdf
905 _a77
942 _2ddc
_cBK
_e21
_n0
999 _c52295
_d52295